000 01222nam a22003497a 4500
003 CHAP
005 20220817042128.0
008 971013s1972 r 00010 d
010 _a35546
011 _a36518
035 _a40637
040 _cCHAP
082 _a636.0892
_bO7
110 _aOrganismo Internacional de Energía Atómica
_983512
245 _aIsotope studies on the physiology of domestic animals ; proceedings of a symposium...
260 _aVienna :
_bOIEA,
_c1972
300 _a413 p.
_b: ilus.
490 _aProceedings series
590 _aBATCH-UPD
_b10
_c20130110
_lUCH01
_h1945
590 _aBATCH-UPD
_b10
_c20130410
_lUCH01
_h1308
590 _aBATCH-UPD
_b10
_c20130914
_lUCH01
_h1354
590 _aCONVERSION
_b10
_c20130109
_lUCH01
_h1320
650 1 4 _aRadiación
_xEfecto en animales.
_993666
650 1 4 _aRadiación
_xEfectos fisiológicos.
_993677
710 0 _aFAO.
830 0 _aProceedings series
_991731
901 _aBK
942 _cLIBRO
949 _a636.0892 O7
_bBC
_cLIBRO
_d33724000276200
_eLIBRO
_fc.3
_h29350
_i40637
_si
949 _a636.0892 O7
_bBC
_cLIBRO
_d33724000276218
_eLIBRO
_fc.2
_h28446
_i40637
_si
949 _a636.0892 O7
_bBC
_cLIBRO
_d33724000276226
_eLIBRO
_h28445
_i40637
_si
999 _c35546
_d35546